Consumer and Retailer Survey to Assess the market Potentiality of Crypsy Biscuits: (Record no. 230328)
[ view plain ]
| 000 -LEADER | |
|---|---|
| fixed length control field | 00487nam a22001457a 4500 |
| 005 - DATE AND TIME OF LATEST TRANSACTION | |
| control field | 20240314140744.0 |
| 008 - FIXED-LENGTH DATA ELEMENTS--GENERAL INFORMATION | |
| fixed length control field | 240314b ||||| |||| 00| 0 eng d |
| 040 ## - CATALOGING SOURCE | |
| Transcribing agency | AL |
| 041 ## - LANGUAGE CODE | |
| Language code of text/sound track or separate title | eng |
| 082 ## - DEWEY DECIMAL CLASSIFICATION NUMBER | |
| Edition number | 23 |
| Classification number | 658.83 |
| Item number | CONS |
| 100 ## - MAIN ENTRY--PERSONAL NAME | |
| Personal name | Togin Thomas |
| 100 ## - MAIN ENTRY--PERSONAL NAME | |
| 9 (RLIN) | 154293 |
| 245 ## - TITLE STATEMENT | |
| Title | Consumer and Retailer Survey to Assess the market Potentiality of Crypsy Biscuits: |
| Remainder of title | A Study Sponsored by Megha Home Products Pvt Ltd Kochi India |
| 260 ## - PUBLICATION, DISTRIBUTION, ETC. | |
| Place of publication, distribution, etc. | Mangalore |
| Name of publisher, distributor, etc. | St Aloysius College |
| Date of publication, distribution, etc. | 1997 |
| 942 ## - ADDED ENTRY ELEMENTS (KOHA) | |
| Source of classification or shelving scheme | Dewey Decimal Classification |
| Koha item type | Project Report |
| Withdrawn status | Lost status | Source of classification or shelving scheme | Damaged status | Not for loan | Collection code | Home library | Current library | Date acquired | Total Checkouts | Full call number | Barcode | Date last seen | Price effective from | Koha item type |
|---|---|---|---|---|---|---|---|---|---|---|---|---|---|---|
| Dewey Decimal Classification | Not for loan | Management | St Aloysius Library | St Aloysius Library | 03/14/2024 | 658.83 CONS | D01754 | 03/14/2024 | 03/14/2024 | Project Report |